Silver Fang characters - Statistics

General Stats
  • This quiz has been taken 207 times
  • The average score is 24 of 38
Answer Stats
% Correct
Dogs Leader of 1st team in Ou's pack Ben
100%
Dogs The main protagonist Gin
94%
Dogs Only bitch accepted in Ou's pack Cross
86%
Dogs Huge leader of the Misty Mountain Moss
86%
Dogs Main protagonist's father and leader of Ou's pack Riki
86%
Bears Main antagonist, a giant red-furred bear Akakabuto
84%
Dogs Leader of Iga's ninja dogs Akame
82%
Dogs Red-furred brother of Kai triplets Akatora
82%
Dogs The world's strongest dog Benizakura
78%
Dogs Experienced and intelligent shepherd John
78%
Dogs Traitorous second-in-command of Ou's pack Sniper
78%
Human Owner and friend of the main protagonist Daisuke
76%
Dogs Cowardly henchman of former Hyena
76%
Dogs Blue-furred brother of Kai triplets Kurotora
76%
Dogs Main protagonist's grandfather Shiro
73%
Dogs Grey-furred brother of Kai triplets Chutora
71%
Bears Extremely aggressive female bear Madara
67%
Dogs Leader of 3rd team in Ou's pack Smith
67%
Dogs Main protagonist's mother Fuji
65%
Human An old hunter and trainer of the main protagonist Gohē Takeda
65%
Dogs The son of the former Jaguar
59%
Bears Bear with only one front paw Mosa
59%
Dogs Leader of Koga's ninja dogs Kurojaki
57%
Dogs Leader of 2nd team in Ou's pack Great
55%
Human Doctor and a hunter whose father was killed by a bear Hidetoshi
53%
Dogs Former circus dog Wilson
51%
Dogs Leader of Shikoku's mountain dogs Bill
47%
Dogs Middle-weight battledog champion Musashi
47%
Dogs Dog who arranges for transportation in human cars Oliver
47%
Dogs The four generals of Mutsu Kisaragi
45%
Dogs Leader of the dog pack from Hokkaido Hakuro
43%
Dogs Servants of the former Jinnai
39%
Dogs Servants of the former Kirikaze
39%
Dogs Leader of the 5th team in Ou's pack Terry
39%
Dogs The four generals of Mutsu Uzuki
39%
Dogs The four generals of Mutsu Minazuki
35%
Dogs The four generals of Mutsu Hazuki
33%
Dogs Leader of Satsuma's dogs Bemu
31%
No matching quizzes found
Score Distribution
Percent of People with Each Score
Percentile by Number Answered
Your Score History
You have not taken this quiz